000 00657nam a2200217 a 4500
005 20210223124228.0
008 010703s1996 r 000 0 eng d
020 _a9706207376
035 _aUPN01000109150
049 _aCG
050 4 _aTS176
_bH4.6
100 1 _aHenaine-Abed, Mariem
245 1 0 _aPlaneación y control de la producción /
_cMariem Henaine-Abed.
260 _aMéxico :
_bUAM-Azcapotzalco,
_c1996.
300 _a297 p.
440 0 _aLibros de texto y manuales de práctica
440 0 _aMaterial en apoyo a la docencia
650 4 _aPRODUCCION -
_xPROGRAMACION
_925715
650 4 _aCONTROL DE LA PRODUCCION
_95174
905 _aLibro
999 _c83061
_d83061